| 000 -LEADER |
| fixed length control field |
00387nam a2200145 4500 |
| 008 - FIXED-LENGTH DATA ELEMENTS--GENERAL INFORMATION |
| fixed length control field |
200113b ||||| |||| 00| 0 eng d |
| 082 00 - DEWEY DECIMAL CLASSIFICATION NUMBER |
| Classification number |
623.893 |
| Item number |
B5752 |
| 100 ## - MAIN ENTRY--PERSONAL NAME |
| 9 (RLIN) |
770 |
| Personal name |
Bhandarkar, K. R. |
| 245 10 - TITLE STATEMENT |
| Title |
Electronics for Ship Mates |
| 260 ## - PUBLICATION, DISTRIBUTION, ETC. (IMPRINT) |
| Place of publication, distribution, etc |
Bombay |
| Name of publisher, distributor, etc |
Bhandarkar |
| Date of publication, distribution, etc |
1972 |
| 300 ## - PHYSICAL DESCRIPTION |
| Extent |
183 p. |
| 650 #0 - SUBJECT ADDED ENTRY--TOPICAL TERM |
| Topical term or geographic name as entry element |
Electronics |
| 700 ## - ADDED ENTRY--PERSONAL NAME |
| 9 (RLIN) |
771 |
| Personal name |
Gill, J. S. |
| 942 ## - ADDED ENTRY ELEMENTS (KOHA) |
| Source of classification or shelving scheme |
|
| Item type |
Books |